QUEST Central Library Banner

Contemporary Logic Design (Record no. 57274)

MARC details
000 -LEADER
fixed length control field 00235nam a22001097a 4500
082 ## - DEWEY DECIMAL CLASSIFICATION NUMBER
Classification number KAT
100 ## - MAIN ENTRY--AUTHOR NAME
Personal name Katz, Randy M.
245 ## - TITLE STATEMENT
Title Contemporary Logic Design
260 ## - PUBLICATION, DISTRIBUTION, ETC. (IMPRINT)
Place of publication New Delhi:
Name of publisher Pearson,
Year of publication 2005.
300 ## - PHYSICAL DESCRIPTION
Number of Pages 448p. ;
942 ## - ADDED ENTRY ELEMENTS (KOHA)
Koha item type Books
Holdings
Withdrawn status Lost status Home library Current library Date acquired Full call number Accession Number Koha item type
    Central Library, QUEST, Nawabshah Central Library, QUEST, Nawabshah 12/01/2017 KAT D1672 Books

Copyright © 2018,The QUEST, Nawabshah, Shaheed Benazirabad. All rights reserved
Mr. G. Farooq Channar (Librarian) QUEST, Nawabshah, Sindh, Pakistan 67480.
 Ph#: |   0244-9370381-4 Ext. 2308   Email| lib@quest.edu.pk   Web|  http://www.quest.edu.pk